000 01071nam a22002177a 4500
999 _c62703
_d62703
003 Ge_BSU
005 20250127114625.0
008 250127s2021 ge ||||| |||| 00| 0 geo d
020 _a9789941967917
041 _ageo
080 _a821.353.1-32 რ-26
100 _aრატიშვილი, მერაბ
_924121
245 _aალქიმიკოსის სახარება :
_bნოველები /
_cმერაბ რატიშვილი; რედაქტორი ესმა მანია; ყდის დიზაინი მხატვარი ნიკოლოზ ლავეცკი.
264 _aთბილისი :
_bკალიგრამი,
_c2021.
300 _a170 გვ. ;
_b20 სმ.
653 _aქართული პროზა
653 _aსახარება
700 _aმანია, ესმა
_eრედაქტორი
_924122
700 _aლავეცკი, ნიკოლოზ
_eყდის დიზაინერი
_924123
942 _2udc
_cᲬᲘᲒᲜᲘ